000 00904nas a2200277 4500
001 BR2013010289
003 BR-BrBNA
005 20231205123421.0
007 ta
008 230509b bl.|||p| |||| 00| 00por d
040 _aBR-BrBNA
_bpor
_cBiblioteca Nacional de Agricultura
041 _a(En)
072 _aH10
100 1 _aFernandes, G.W.
100 1 _aFagundes, M.
100 1 _aGreco, M.K.B.
100 1 _aBarbeitos, M.S.
100 1 _aSantos, J.C.
245 1 _aAnts and their effects on an insect herbivore community associated with the inflorescenses of Byrsonima crassifolia (Linnaeus)H.B.K. (Malpighiaceae)
650 _aFORMIGA
650 _aINFLORESCÊNCIA
650 _aBIOLOGIA
773 0 _tRevista Brasileira de Entomologia (Brazil)
_xISSN 0085-5626
_g(Apr-Jun 2005), v. 49(2) p. 264-269
_wBR2013010289
909 _a202311
_bLúcia
_c55
_dLúcia Elande
942 _2AGRIS
_n0
_cANA
999 _c233765
_d233765